000 00585nam a22002057a 4500
003 DO-SdBNP
005 20171205134931.0
008 161031b 2006 xxu 00| 0 spa d
020 _a0345494393
040 _aBPMSU
_bspa
_cBPMSU
082 _axxxx
_bxxxx
100 1 _aRice, Anne
245 1 0 _aChrist the lord /
_baut of Egypt
_cAnne Rice
260 _aNew York, Estados Unidos :
_bBallantine books,
_c2006.
300 _a339 p. :
_c19 cm.
910 _a000144
942 _2ddc
_cBK
945 _aInventariado extranjero 2017 VM
956 _2YLOCKWARD
_310
_8BPMSU
_aYngrid Lockward
999 _c12957
_d12957